Central Library OPAC University of Rajshahi

সামাজিক গবেষণা : (Record no. 1452)

MARC details
000 -LEADER
fixed length control field 00930cam a2200229 a 4500
001 - CONTROL NUMBER
control field 1452
003 - CONTROL NUMBER IDENTIFIER
rucl marc code BD-RjUL
005 - DATE AND TIME OF LATEST TRANSACTION
control field 20211208233335.0
008 - FIXED-LENGTH DATA ELEMENTS--GENERAL INFORMATION
fixed length control field 160807s2009 bg b 000 0 eng
020 ## - INTERNATIONAL STANDARD BOOK NUMBER
International Standard Book Number 984074772X
035 ## - SYSTEM CONTROL NUMBER
System control number (BD-RjUL)1475
040 ## - CATALOGING SOURCE
Original cataloging agency BD-RjUL
Transcribing agency BD-RjUL
Modifying agency BD-RjUL
Language of cataloging ben
041 ## - LANGUAGE CODE
Language code of text/sound track or separate title ben
082 00 - DEWEY DECIMAL CLASSIFICATION NUMBER
Classification number 301.072
Edition number 23
Author mark and year ALS 2009
100 ## - MAIN ENTRY--PERSONAL NAME
Personal name আলাউদ্দিন, মোহাম্মদ
9 (RLIN) 116644
245 10 - TITLE STATEMENT
Title সামাজিক গবেষণা :
Remainder of title বৈজ্ঞানিক জ্ঞান অন্বেষণ পদ্ধতি /
Statement of responsibility, etc. মোহাম্মদ আলাউদ্দিন
260 ## - PUBLICATION, DISTRIBUTION, ETC. (IMPRINT)
Place of publication, distribution, etc. ঢাকা :
Name of publisher, distributor, etc. বাংলা একাডেমী,
Date of publication, distribution, etc. ২০০৯
300 ## - PHYSICAL DESCRIPTION
Pagination ৬, ২৭২ পৃ. :
Illustrations চিত্র ;
Size ২২ সেমি.
650 ## - SUBJECT ADDED ENTRY--TOPICAL TERM
Topical term or geographic name as entry element সমাজ বিজ্ঞান
General subdivision গবেষণা
9 (RLIN) 116645
Topical term or geographic name as entry element Sociology
General subdivision Research
9 (RLIN) 116646
942 ## - ADDED ENTRY ELEMENTS (KOHA)
Source of classification or shelving scheme Dewey Decimal Classification
Koha item type Books
Holdings
Lost status Source of classification or shelving scheme Damaged status Not for loan Collection code Permanent Location Current Location Shelving location Date acquired Source of acquisition Cost, normal purchase price Total Checkouts Total Renewals Full call number Date last seen Date checked out Copy number Koha item type
  Dewey Decimal Classification     Non-fiction Central Library, University of Rajshahi Central Library, University of Rajshahi   04/02/2012 Bangla Academy, Dhaka 160.00 23 2 B 301.072 ALS 2009 05/03/2024 20/02/2024 C-2 Books
  Dewey Decimal Classification     Non-fiction Central Library, University of Rajshahi Central Library, University of Rajshahi   04/02/2012 Bangla Academy, Dhaka 160.00 9   B 301.072 ALS 2009 17/05/2023 05/04/2023 C-3 Books
  Dewey Decimal Classification   Not For Loan Non-fiction Central Library, University of Rajshahi Central Library, University of Rajshahi Reading Room 09/06/2011 Bangla Academy, Dhaka. 160.00     B 301.072 ALS 2009 21/09/2021   C-1 Books